The Oxford 3000 - Letter M - Translate from Polish to English - Statystyki

Ogólne statystyki
  • Ten quiz został rozwiązany 26 razy
  • Średni wynik to 104 z 133
Statystyki odpowiedzi
Polish Angielski % Poprawnych
maszyna machine
100%
czasopismo; magazyn magazine
100%
główny main
100%
znaczący; główny; major; specjalność major
100%
mężczyzna man
100%
marketing marketing
100%
małżeństwo marriage
100%
masa; masowy mass
100%
mecz; dopasowywać; dopasować match
100%
tworzywo; surowiec; materiał; materialny; istotny material
100%
matematyka(głownie AE) math
100%
maksymalny; maksimum maximum
100%
Maj May
100%
może; być może maybe
100%
mieć na myśli; oznaczać; znaczyć; wredny; podły mean
100%
znaczenie; sens meaning
100%
mięso meat
100%
medyczny medical
100%
menu; karta(np. w restauracji) menu
100%
metal metal
100%
metr; licznik; miernik meter
100%
minister minister
100%
minuta minute
100%
model; model/modelka; modelować model
100%
chwila; moment moment
100%
Poniedziałek Monday
100%
monitor; monitorować monitor
100%
małpa monkey
100%
miesiąc month
100%
więcej; bardziej more
100%
poranek; rano; ranek morning
100%
góra mountain
100%
mysz; myszka mouse
100%
film movie
100%
muzeum museum
100%
wściekły; zły; szalony mad
89%
centrum handlowe; galeria mall
89%
kierownik; menedżer manager
89%
Marzec March
89%
mistrz; magister; opanować; opanowywać master
89%
materia; mieć znaczenie matter
89%
ja; mnie; mi me
89%
posiłek meal
89%
media media
89%
spotkanie; zebranie meeting
89%
metoda method
89%
mleko milk
89%
minimum; minimalny minimum
89%
mieszać; miksować; mieszanka mix
89%
mieszany; pomieszany; zmiksowany mixed
89%
modyfikować modify
89%
księżyc moon
89%
najbardziej; najwięcej most
89%
morderstwo; zabójstwo; zamordować; mordować murder
89%
muzyczny; musical musical
89%
ja sam; sobie; się myself
89%
magia; magiczny magic
78%
poczta; wysyłać pocztą mail
78%
głównie mainly
78%
zrobić; wykonać; stworzyć; marka make
78%
mężczyzna; samiec; męski male
78%
mapa; mapować map
78%
rynek; targ; sprzedawać market
78%
poślubić; żenić się; wyjść za mąż marry
78%
masywny massive
78%
medycyna; lek; lekarstwo medicine
78%
średni; medium medium
78%
spotykać się; poznać się meet
78%
stopić; topić; wytapiać melt
78%
członek; uczestnik member
78%
pamięć; wspomnienie memory
78%
wiadomość; komunikat message
78%
wojsko; wojskowy military
78%
milion million
78%
umysł; rozum; mieć coś przeciwko; uważać na coś mind
78%
minerał mineral
78%
lustro; zwierciadło mirror
78%
brakujący; zaginiony missing
78%
misja mission
78%
pomyłka; błąd; pomylić mistake
78%
mieszanina; mikstura mixture
78%
nowoczesny; współczesny modern
78%
pieniądze money
78%
moralny; morał moral
78%
matka mother
78%
usta mouth
78%
ruch; przemieszczanie movement
78%
błoto; muł mud
78%
muzyka music
78%
mój; moje; moja(przed rzeczownikiem) my
78%
tajemniczy; zagadkowy mysterious
78%
tajemnica mystery
78%
zarządzać manage
67%
zarządzanie; zarząd management
67%
wiele; dużo (policzalne) many
67%
oznaczenie; znak; oznaczyć; zaznaczyć mark
67%
żonaty/zamężna married
67%
matematyka mathematics
67%
móc; może(większe prawdopodobieństwo) may
67%
burmistrz mayor
67%
mierzyć; zmierzyć; miara measure
67%
psychiczny; umysłowy mental
67%
bałagan; robić bałagan; schrzanić coś mess
67%
kopalnia; moje; mój; moja(bez rzeczownika) mine
67%
mama mom
67%
nastrój; samopoczucie; humor mood
67%
silnik; motor; motorowy; silnikowy; samochodowy motor
67%
motocykl motorcycle
67%
mięsień muscle
67%
muzyk musician
67%
utrzymywać maintain
56%
większość majority
56%
wzmianka; wspomnienie; wspominać; mention
56%
północ midnight
56%
mila mile
56%
niewielki; mniejszy; nieletni; małoletni; niepełnoletni minor
56%
przegapić; chybić; tęsknić; chybienie; pudło miss
56%
przeważnie; głównie; najczęściej mostly
56%
poruszać; przenosić; przesunąć; przeprowadzać się; ruszać; posunięcie move
56%
dużo; wiele(niepoliczalne) much
56%
musisz(konieczność/obowiązek); na pewno; z pewnością(silne przekonanie) must
56%
sposób; maniera; sposób bycia manner
44%
tymczasem; w międzyczasie meanwhile
44%
środek; centrum; środkowy; centralny middle
44%
łagodny mild
44%
mniejszość minority
44%
montować; mocować; wsiadać na (zwierzę, pojazd bez kabiny); wierzchowiec mount
44%
dopasowany; pasujący; dobrany matching
33%
pomiar; mierzenie measurement
33%
mogłoby; może(mniejsze prawdopodobieństwo) might
33%
mnożyć; pomnażać multiply
33%
wielokrotny; wielokrotność multiple
11%
sposób; metoda; środki(do osiągnięcia celu); środki finansowe means
0%
Nie znaleziono quizów pasujących do podanych kryteriów
Rozkład punktacji
Procent ludzi z każdym wynikiem
Percentyl według liczby udzielonych odpowiedzi
Twoja historia wyników
Nie rozwiązałeś tego quizu